Dimension Of Comparative Literature (Record no. 7151)
[ view plain ]
| 000 -LEADER | |
|---|---|
| fixed length control field | 00795nam a2200181 4500 |
| 020 ## - INTERNATIONAL STANDARD BOOK NUMBER | |
| ISBN | 9789988098073 |
| 022 ## - INTERNATIONAL STANDARD SERIAL NUMBER | |
| ISSN | 9789789988099 |
| 050 ## - CALL NUMBER | |
| Classification number | PN865 |
| Item number | .S23 |
| 100 ## - AUTHOR | |
| Personal name | Sackey A.A. |
| 245 ## - TITLE | |
| Title | Dimension Of Comparative Literature |
| Statement of responsibility, etc | A.A. Sackey |
| 260 ## - PUBLICATION INFORMATION | |
| Place of publication | Accra |
| Name of publisher | SMA Publications |
| Year of publication | 2010 |
| 300 ## - DESCRIPTION | |
| Number of Pages | 244 pages |
| Dimensions | 24 cm |
| 500 ## - NOTES | |
| General note | Includes Index |
| 505 ## - FORMATTED CONTENTS NOTE | |
| Table of Content | Chapter 1. The Odogenesis of Homer's Epics<br/>Chapter 2. La Chanson de Roland and the epic Tradition of Homer and Virgil<br/>Chapter 3. The Phaedra Myth in Literature<br/>Chapter 4. Symbolism in West African Poetry<br/>Chapter 5. The Surrealism of Leopold Sedar Senghor<br/>Chapter 6. The Hamartia of Aristotle <br/>Selected Bibliography<br/>Index |
| 650 ## - SUBJECTS | |
| Topical Term | English Language--Poetry |
| 650 ## - SUBJECTS | |
| Topical Term | English Language-- Literature |
| 942 ## - ADDED ENTRY ELEMENTS (KOHA) | |
| Koha item type | Books |
| Withdrawn status | Lost status | Collection code | Home library | Current library | Shelving location | Date acquired | Full call number | Accession Number | Koha item type |
|---|---|---|---|---|---|---|---|---|---|
| Reference | Methodist University Library Main | Methodist University Library Main | General Stacks | 20/12/2010 | PN865 .S23 | 33256 | Books | ||
| Reference | Methodist University Library Main | Methodist University Library Main | General Stacks | 20/12/2010 | PN865 .S23 | 33258 | Books |